Vista normal
Vista MARC
Entrada Personal Name
Número de registros utilizados en: 1
001 - CONTROL NUMBER
- control field: 40774
003 - CONTROL NUMBER IDENTIFIER
- control field: OSt
005 - DATE AND TIME OF LATEST TRANSACTION
- control field: 20230915232147.0
008 - FIXED-LENGTH DATA ELEMENTS
- fixed length control field: 230915|| aca||aabn | a|a d
040 ## - CATALOGING SOURCE
- Original cataloging agency: OSt
- Transcribing agency: OSt
100 ## - HEADING--PERSONAL NAME
- Personal name: Escanilla de Bejarano, Marina, tr
670 ## - SOURCE DATA FOUND
- Source citation: Work cat.: (OSt)33338: Lindgren, Astrid Ericsson, 1907 - 2002 40772, Las aventuras de Miguel el travieso ; nuevas aventuras de Miguel / , 2002.